| 000 | 01301nam a22002537a 4500 | ||
|---|---|---|---|
| 005 | 20080826145814.0 | ||
| 008 | 080826t xxu||||| |||| 00| 0 hin d | ||
| 010 | _aHIN-84089 | ||
| 020 | _c200.00 | ||
| 035 | _aHN-56435 | ||
| 037 | _aDBAD / PUB | ||
| 040 |
_aDPL _bHN |
||
| 082 | _a338.9091722 | ||
| 100 | _aवर्मा, वीनस | ||
| 245 |
_aविकसित और विकासशील राष्ट्रों का अध्ययन / _cवीनस वर्मा |
||
| 246 |
_aVikasita aur vikaasashiila rashtron kaa adhyayana _bby Venus Verma |
||
| 260 |
_aवाराणसी _bविजय प्रकाशन मंदिर _c2005 |
||
| 270 |
_aसीक 15/53, सुड़िया _bवाराणसी _e221001 _k0542 2334636 |
||
| 300 |
_a113पृ _c22सेमी (सजिल्द) _bसचित्र |
||
| 650 |
_aआर्थिक स्थिति _xविकासशील राष्ट्र |
||
| 650 |
_aEconomic condition _xDeveloping countries |
||
| 942 |
_2ddc _cHN _mवर्मावी _h338.9091722 |
||
| 999 |
_c15109 _d15109 |
||